Implementácia procesov riadenia informačných technológií do systémov operačných technológií

Cieľom príspevku je vyhodnotiť, či je možné do praxe v oblasti operačných technológií integrovať rámce osvedčených postupov riadenia informačných technológií v súlade s Priemyslom 4.0. Budúcnosť digitalizácie v priemyselných riadiacich systémoch spočíva v rozsiahlej integrácii funkcií systémov infor...

ver descrição completa

Na minha lista:
Detalhes bibliográficos
Autor principal: Filanová, Jana, 1967-
Formato: Capítulo de Livro
Idioma:eslovaco
Assuntos:
Tags: Adicionar Tag
Sem tags, seja o primeiro a adicionar uma tag!

MARC

LEADER 00000naa$a2200000$$$4500
001 0280245
005 20240521124522.2
041 0 |a slo 
044 |a SK 
245 1 0 |a Implementácia procesov riadenia informačných technológií do systémov operačných technológií  |c Jana Filanová 
520 |a Cieľom príspevku je vyhodnotiť, či je možné do praxe v oblasti operačných technológií integrovať rámce osvedčených postupov riadenia informačných technológií v súlade s Priemyslom 4.0. Budúcnosť digitalizácie v priemyselných riadiacich systémoch spočíva v rozsiahlej integrácii funkcií systémov informačných technológií, operačných technológií a internetu. 
610 2 0 |a priemysel 4.0 
610 2 0 |a technológie informačné 
610 2 0 |a technológie nové 
610 2 0 |a riadenie priemyslu 
100 1 |a Filanová, Jana, 1967-